|
|
|
|
| LEADER |
02803nam a2200721 i 4500 |
| 001 |
nkc20233505658 |
| 003 |
CZ PrNK |
| 005 |
20230404144835.0 |
| 007 |
ta |
| 008 |
230313s2022 xr a f f 000 0 cze |
| 015 |
|
|
|a cnb003505658
|
| 020 |
|
|
|a 978-80-7458-139-7
|q (brožováno)
|
| 035 |
|
|
|a (OCoLC)1378695633
|
| 040 |
|
|
|a BOA001
|b cze
|d ABA001
|e rda
|
| 041 |
0 |
|
|a cze
|b cze
|b eng
|
| 072 |
|
7 |
|a 502
|x Životní prostředí a jeho ochrana
|2 Konspekt
|9 2
|
| 080 |
|
|
|a 582.232
|2 MRF
|
| 080 |
|
|
|a 582.261/.279
|2 MRF
|
| 080 |
|
|
|a 504.5:502.51
|2 MRF
|
| 080 |
|
|
|a 502.175:502.51
|2 MRF
|
| 080 |
|
|
|a 502.51(285)
|2 MRF
|
| 080 |
|
|
|a 528.8
|2 MRF
|
| 080 |
|
|
|a (083.744)
|2 MRF
|
| 100 |
1 |
|
|a Brom, Jakub,
|d 1979-
|7 uzp2012704631
|4 aut
|
| 245 |
1 |
0 |
|a Hodnocení přítomnosti sinic, řas a dalších ukazatelů kvality vody pomocí metod dálkového průzkumu Země :
|b certifikovaná metodika /
|c Jakub Brom, Václav Nedbal, Petr Císař, Jan Urban a Blanka Tesařová
|
| 250 |
|
|
|a Vydání: první
|
| 264 |
|
1 |
|a [Kostelec nad Černými lesy] :
|b Lesnická práce, s.r.o.,
|c 2022
|
| 300 |
|
|
|a 65 stran :
|b ilustrace (převážně barevné) ;
|c 25 cm
|
| 336 |
|
|
|a text
|b txt
|2 rdacontent
|
| 337 |
|
|
|a bez média
|b n
|2 rdamedia
|
| 338 |
|
|
|a svazek
|b nc
|2 rdacarrier
|
| 490 |
1 |
|
|a Certifikovaná metodika
|
| 500 |
|
|
|a Nad názvem: TAČR, program Prostředí pro život
|
| 500 |
|
|
|a Vydala Jihočeská univerzita v Českých Budějovicích v nakladatelství a vydavatelství Lesnická práce, s.r.o.
|
| 500 |
|
|
|a 300 výtisků
|
| 504 |
|
|
|a Obsahuje bibliografii
|
| 546 |
|
|
|a České a anglické resumé
|
| 650 |
0 |
7 |
|a sinice
|7 ph116147
|2 czenas
|
| 650 |
0 |
7 |
|a řasy
|7 ph116889
|2 czenas
|
| 650 |
0 |
7 |
|a znečištění vod
|7 ph135444
|2 czenas
|
| 650 |
0 |
7 |
|a kvalita vody
|7 ph135394
|2 czenas
|
| 650 |
0 |
7 |
|a vodní nádrže
|7 ph116605
|2 czenas
|
| 650 |
0 |
7 |
|a dálkový průzkum Země
|7 ph119671
|2 czenas
|
| 650 |
0 |
9 |
|a Cyanophyta
|2 eczenas
|
| 650 |
0 |
9 |
|a Algae
|2 eczenas
|
| 650 |
0 |
9 |
|a water pollution
|2 eczenas
|
| 650 |
0 |
9 |
|a water quality
|2 eczenas
|
| 650 |
0 |
9 |
|a reservoirs
|2 eczenas
|
| 650 |
0 |
9 |
|a remote sensing
|2 eczenas
|
| 655 |
|
7 |
|a certifikované metodiky
|7 fd806827
|2 czenas
|
| 655 |
|
9 |
|a certified methodology
|2 eczenas
|
| 700 |
1 |
|
|a Nedbal, Václav
|7 ola20221139897
|4 aut
|
| 700 |
1 |
|
|a Císař, Petr
|7 xx0283700
|4 aut
|
| 700 |
1 |
|
|a Urban, Jan
|7 xx0230894
|4 aut
|
| 700 |
1 |
|
|a Tesařová, Blanka
|7 jo20231181508
|4 aut
|
| 710 |
2 |
|
|a Jihočeská univerzita
|7 kn20010711208
|4 isb
|
| 810 |
2 |
|
|a Jihočeská univerzita.
|b Fakulta rybářství a ochrany vod.
|t Metodiky
|0 s
|
| 910 |
2 |
|
|a BOA001
|b 2-1506.037
|
| 928 |
9 |
|
|a Lesnická práce
|
| 990 |
|
|
|a BK
|
| 995 |
|
|
|a 01
|
| 991 |
|
|
|b 202303
|c NOV
|
| 996 |
6 |
|
|b 2610934163
|c 2-1506.037
|l MZK
|r Sklad / do 1 hodiny
|n 1
|p p.v.
|w 001919337
|u 000010
|a 1
|e BOA001
|j MZK50
|s P
|